00555nam a2200181Ia 4500003000900000008004100009020001700050040001600067080001600083100002300099245006400122260006300186300001400249650002400263650002200287650002100309650004300330IN-BaIIA211028s9999 xx 000 0 eng d a0-7065-11034 cIIA Library a535.33bSUS aSushchinskii, M. M 0aRaman spectra of molecules and CrystalscM. M. Suchchinskii aNew YorkbIsrael Program for Scientific Translationsc1972 aix, 446p. a Molecular Spectra a Raman Spectra  a Spectroscopy  aAstronomy and Astrophysics Thesaurus